Ella es = She's the One /

Retrato sobre la rivalidad de dos hermanos: un taxista de espíritu libre y un corredor de bolsa. Aunque ambos están casados, la presencia de la exprometida de uno y amante secreta del otro viene a complicar las relaciones entre ambos.

Guardat en:
Dades bibliogràfiques
Autor principal: Burns, Edward (realización)
Altres autors: Burns, Edward (guión) (guión), Prinzi, Frank (fotógrafo) (fotógrafo), Lyall, Susan (vestuario) (vestuario), Graef, Susan (montaje) (montaje), Burns, Edward (actuación) (actuación), McGlone, Mike (actuación) (actuación), Díaz, Cameron (actuación) (actuación), Burns, Edward (comentarios) (comentarios), Joanou, Phil (realización) (realización), Petty, Tom (ejecución musical) (ejecución musical)
Format: Diapositiva
Idioma:anglès
Publicat: EUA : Good Machine : Marlboro Road Gang : South Fork Pictures, 1996, c1996
Matèries:
Etiquetes: Afegir etiqueta
Sense etiquetes, Sigues el primer a etiquetar aquest registre!

MARC

LEADER 00000ngm^a2200000^a^4500
001 000446342
005 20250521000000.0
009 20260526145244.162
037 |a Acervo ITESO - Biblioteca 
041 |a ING 
082 |a 810.  |b BUR 
100 |a Burns, Edward  |e (realización) 
240 1 1 |a [Ella es] 
245 1 0 |a Ella es =  |b She's the One /  |c Realización de E. Burns. 
264 4 |a EUA :  |b Good Machine :  |b Marlboro Road Gang :  |b South Fork Pictures,  |c 1996, c1996 
264 2 |a México :  |b Twentieth Century Fox [distribución],  |c 2002, c2002 
300 |a 1 DVD región 4 (97 min.) :  |b color 
336 |a imagen móvil bidimensional  |b tdi  |2 rdacontenido 
337 |a video  |b v  |2 rdamedio 
338 |a videodisco  |b vd  |2 rdasoporte 
506 1 |a Ejemplar donado, disponible sólo para préstamo externo y uso individual, no autorizado para proyecciones colectivas 
520 |a Retrato sobre la rivalidad de dos hermanos: un taxista de espíritu libre y un corredor de bolsa. Aunque ambos están casados, la presencia de la exprometida de uno y amante secreta del otro viene a complicar las relaciones entre ambos. 
546 |a En inglés, con subtítulos opcionales: español, inglés, portugués 
546 |a Doblaje opcional: español, portugués 
649 |a XX 
650 |a Hermanos en el Cine 
650 |a Hombres en el Cine 
650 |a Hombres -  |x Condiciones Sociales y Culturales -  |x Tema Principal 
650 |a Videos Musicales 
650 |a Comedias Románticas 
650 |a Comedias Cinematográficas 
650 |a Cine Norteamericano -  |y 1990-1999 
650 |a Cine Norteamericano -  |y Siglo XX 
650 |a Celos 
650 |a Amor 
650 |a Infidelidad 
650 |a Traición 
650 |a Relaciones de Pareja 
650 |a Relaciones Intergénero 
650 |a Sexualidad 
650 |a Relaciones entre Hermanos 
650 |a Relaciones Familiares 
700 |a Burns, Edward  |e (guión) 
700 |a Prinzi, Frank  |e (fotógrafo) 
700 |a Lyall, Susan  |e (vestuario) 
700 |a Graef, Susan  |e (montaje) 
700 |a Burns, Edward  |e (actuación) 
700 |a McGlone, Mike  |e (actuación) 
700 |a Díaz, Cameron  |e (actuación) 
700 |a Burns, Edward  |e (comentarios) 
700 |a Joanou, Phil  |e (realización) 
700 |a Petty, Tom  |e (ejecución musical) 
740 0 |a She's the One :  |b Walls (Circus) /  |c Realización de P. Joanou ; ejecución musical de T. Petty. 
910 |a Fondo General 
920 |a Audiovisuales - DVDs 
940 |a Películas 
905 |a 302 
901 |a 0500290510  |b IT2  |c DVS  |i D100989  |u 20250521 
902 |a https://opac.biblio.iteso.mx/vufind/Record/000446342